The industries of the future
Guardado en:
| Autor principal: | |
|---|---|
| Formato: | Libro |
| Lenguaje: | inglés |
| Publicado: |
Nueva York
Simon and Schuster
2016
|
| Edición: | 1a. ed |
| Materias: | |
| Etiquetas: |
Agregar Etiqueta
Sin Etiquetas, Sea el primero en etiquetar este registro!
|
MARC
| LEADER | 00000cam a2200000 a 4500 | ||
|---|---|---|---|
| 001 | UCC5228 | ||
| 003 | CL-VaPUC | ||
| 008 | 180927e20160000us |||||||||||||||||eng|d | ||
| 020 | |a 9781476753652 | ||
| 082 | 0 | 4 | |a 338.064 |b ROS |2 21 |
| 100 | 0 | |a Ross, Alec |e author |9 599515 | |
| 245 | 1 | 4 | |a The industries of the future |
| 250 | |a 1a. ed | ||
| 300 | |a 304 p | ||
| 942 | |c BK | ||
| 945 | |d 20180927 22:58:00 |a dcastane | ||
| 260 | |a Nueva York |b Simon and Schuster |c 2016 | ||
| 650 | 7 | |a INNOVACIONES TECNOLOGICAS |2 CL-VaPUC |9 599516 | |
| 650 | 7 | |a INDUSTRIA |2 CL-VaPUC |9 315110 | |
| 650 | 0 | |a Investigación y desarrollo (I+D) |9 324714 | |
| 583 | |a last modification |c 20180927 22:58:00 |k Rodrigo Vera | ||
| 999 | |c 372485 |d 372483 | ||
| 952 | |0 0 |1 0 |3 erd |4 0 |6 338_064000000000000_ROS_2016 |7 0 |8 A |9 490161 |a BIBENE |b BIBENE |i 5504139 |o 338.064 ROS 2016 |p 5504139 |r 2025-01-15 |w 2019-11-24 |y BK |z Catalogado en:20180927 |k ICO | ||